000 00318nam a22001337a 4500
003 SGT
020 _a978-81-932450-8-8
082 _a617.3
_bE17S
100 _aSHARMA, JAYANT
245 _aESSENTIALS GUIDE FOR PRACTICAL ORTHOPAEDICS
260 _aINDIAN
_bINNOVATIVE PUB
_c2017
300 _a637
942 _2ddc
_cBK
999 _c18227
_d18227